[Event "Tradewise Gibraltar ChallWk1"]
[Site "Gibraltar"]
[Date "2018.01.26"]
[Round "5.13"]
[White "Maisuradze, Nino"]
[Black "Ungureanu, Sandu"]
[Result "0-1"]
[WhiteElo "2234"]
[BlackElo "2033"]
[PlyCount "134"]
[EventDate "2018.01.22"]
[EventType "swiss"]
[EventRounds "5"]
[EventCountry "GGB"]

1. d4 c5 2. d5 e5 3. e4 d6 4. Nc3 a6 5. a4 f5 6. Bd3 f4 7. g3 g5 8. h4 fxg3 9.
Qh5+ Kd7 10. fxg3 gxh4 11. Rxh4 Be7 12. Rh1 Kc7 13. Bd2 Nf6 14. Qe2 Bg4 15. Qe3
Nbd7 16. Nf3 Bxf3 17. Qxf3 Qg8 18. Be2 h5 19. O-O-O Rf8 20. Qf5 Ng4 21. Qe6 Bg5
22. Qxg8 Rfxg8 23. Rdf1 Bxd2+ 24. Kxd2 Ngf6 25. Rh3 Rg5 26. Bf3 Rhg8 27. Ne2 c4
28. a5 Nc5 29. Rh4 Rf8 30. Ke1 Ng4 31. Bxg4 Rxf1+ 32. Kxf1 Rxg4 33. Rxg4 hxg4
34. Nc3 b5 35. axb6+ Kxb6 36. Ke2 Ka5 37. Ke3 Na4 38. Nd1 Kb4 39. Ke2 c3 40. b3
Nc5 41. Nf2 Nxb3 42. cxb3 Kxb3 43. Kd1 Kb2 44. Nd3+ Kb1 45. Nb4 a5 46. Nc2 a4
47. Na3+ Kb2 48. Nc4+ Kb3 49. Na5+ Kb4 50. Nc6+ Kb3 51. Na5+ Kb2 52. Nc4+ Kb1
53. Na3+ Ka2 54. Nc4 Kb3 55. Na5+ Kb4 56. Nc6+ Kc4 57. Kc2 a3 58. Na5+ Kd4 59.
Kb3 Kxe4 60. Kxc3 Kxd5 61. Kb3 e4 62. Nc4 a2 63. Ne3+ Kd4 64. Nc2+ Kd3 65. Nb4+
Kd2 66. Nxa2 e3 67. Nc3 e2 0-1

[Event "Tradewise Gibraltar ChallWk1"]
[Site "Gibraltar"]
[Date "2018.01.26"]
[Round "5.14"]
[White "Jordan Martinez, Miguel"]
[Black "Sedgwick, David"]
[Result "1-0"]
[WhiteElo "2201"]
[BlackElo "2012"]
[PlyCount "99"]
[EventDate "2018.01.22"]
[EventType "swiss"]
[EventRounds "5"]
[EventCountry "GGB"]

1. e4 e6 2. b3 d5 3. Bb2 Nf6 4. exd5 exd5 5. h3 Bd6 6. Nf3 O-O 7. Be2 c5 8. d4
Nc6 9. Nc3 Be6 10. Nb5 Be7 11. dxc5 Bxc5 12. Nbd4 Qb6 13. c3 Nxd4 14. Nxd4 Ne4
15. O-O Qd8 16. Bf3 Qh4 17. Bxe4 Qxe4 18. Re1 Qg6 19. Re3 Rae8 20. Qd3 Qxd3 21.
Rxd3 Bd7 22. Rad1 Re4 23. Bc1 Bxd4 24. Rxd4 Rxd4 25. Rxd4 Bc6 26. Be3 a6 27.
Kf1 Re8 28. g3 Re4 29. Rd2 f6 30. Bd4 Kf7 31. f3 Re6 32. Kf2 h5 33. f4 g5 34.
fxg5 fxg5 35. Rd3 g4 36. hxg4 hxg4 37. Rd1 Bb5 38. Be3 Rf6+ 39. Bf4 Rc6 40. a4
Rxc3 41. axb5 Rxb3 42. Rxd5 Rxb5 43. Rxb5 axb5 44. Ke3 Ke6 45. Kd4 b6 46. Bc7
b4 47. Kc4 Kf5 48. Bxb6 Ke4 49. Kxb4 Kf3 50. Bc7 1-0

[Event "Tradewise Gibraltar ChallWk1"]
[Site "Gibraltar"]
[Date "2018.01.26"]
[Round "5.15"]
[White "Pavlov, Egor"]
[Black "Stern, Geoffrey"]
[Result "0-1"]
[WhiteElo "2165"]
[BlackElo "1940"]
[PlyCount "149"]
[EventDate "2018.01.22"]
[EventType "swiss"]
[EventRounds "5"]
[EventCountry "GGB"]

1. d4 e6 2. c4 d5 3. Nc3 Nf6 4. cxd5 exd5 5. Bg5 Nbd7 6. e3 c6 7. Bd3 Be7 8.
Qc2 O-O 9. Nge2 Re8 10. O-O-O Nf8 11. Kb1 b5 12. f3 a5 13. Rhe1 a4 14. e4 Be6
15. e5 N6d7 16. Bxe7 Qxe7 17. f4 Bg4 18. f5 Nb6 19. h3 Bxe2 20. Nxe2 Nc4 21.
Nf4 h6 22. g4 Qb4 23. Qc3 Qxc3 24. bxc3 a3 25. Bxc4 bxc4 26. Kc2 Rab8 27. Rb1
Nd7 28. h4 Rxb1 29. Rxb1 Rb8 30. Ng2 Rxb1 31. Kxb1 Nb6 32. Ne3 Kf8 33. Kc1 Na4
34. Kd2 Ke7 35. Nc2 Nb2 36. Nxa3 Nd3 37. Nc2 Nf2 38. Ne3 Kd7 39. Kc2 Kc7 40. a4
Kb6 41. g5 hxg5 42. hxg5 Ne4 43. g6 fxg6 44. fxg6 Ng5 45. Nf5 Ne6 46. Kb2 Ka6
47. Ka2 Kb6 48. Ka3 Ka5 49. Ne7 Nd8 50. Nc8 Ne6 51. Ne7 Nd8 52. Ng8 Ne6 53. Nf6
Nd8 54. Nd7 Ne6 55. Nc5 Nf4 56. Nb7+ Kb6 57. Nd8 Nxg6 58. Kb4 Ne7 59. Nf7 Nf5
60. e6 Ne7 61. Ng5 g6 62. Nf7 Nf5 63. a5+ Ka6 64. Ng5 Ne7 65. Nf3 Nf5 66. Kc5
Kxa5 67. Kxc6 Ka4 68. Kxd5 Kb3 69. Ne5 Kxc3 70. Nxc4 g5 71. Ne5 Ne7+ 72. Ke4
Kb4 73. Nf7 g4 74. d5 g3 75. Ne5 0-1

[Event "Tradewise Gibraltar ChallWk1"]
[Site "Gibraltar"]
[Date "2018.01.26"]
[Round "5.16"]
[White "Maric, Boris"]
[Black "Sousa, Ludy Helsio Paulo"]
[Result "1-0"]
[WhiteElo "2034"]
[BlackElo "2153"]
[PlyCount "101"]
[EventDate "2018.01.22"]
[EventType "swiss"]
[EventRounds "5"]
[EventCountry "GGB"]

1. c4 e5 2. g3 Nf6 3. Bg2 d5 4. cxd5 Nxd5 5. Nc3 Be6 6. Nf3 Nc6 7. O-O Nb6 8.
a3 Be7 9. b4 f6 10. Rb1 Qd7 11. d3 Bh3 12. Ne4 g5 13. Nc5 Bxc5 14. bxc5 Nd5 15.
Bxh3 Qxh3 16. Rxb7 O-O-O 17. Qb3 h5 18. Bxg5 Nc3 19. Qxc3 Kxb7 20. Bxf6 Rhf8
21. Ng5 Qg4 22. Qb2+ Kc8 23. Bxd8 Rxd8 24. h4 Rd5 25. Qb5 Nd4 26. Qe8+ Rd8 27.
Qxe5 Qxe2 28. Qe4 Qxe4 29. dxe4 Nb3 30. f4 Nxc5 31. f5 Rd3 32. Kg2 Nd7 33. Rf3
Rd2+ 34. Rf2 Rd3 35. f6 Rxa3 36. f7 Nf8 37. Rd2 Rb3 38. g4 hxg4 39. e5 Re3 40.
e6 c5 41. h5 c4 42. h6 c3 43. Rc2 Kd8 44. h7 Rh3 45. Nxh3 gxh3+ 46. Kxh3 Nxh7
47. Kg4 Ke7 48. Kf5 Nf8 49. Rxc3 Nxe6 50. Re3 Kxf7 51. Rxe6 1-0

[Event "Tradewise Gibraltar ChallWk1"]
[Site "Gibraltar"]
[Date "2018.01.26"]
[Round "5.17"]
[White "Herzwurm, Robert"]
[Black "Chibnall, Alana"]
[Result "0-1"]
[WhiteElo "2123"]
[BlackElo "1906"]
[PlyCount "62"]
[EventDate "2018.01.22"]
[EventType "swiss"]
[EventRounds "5"]
[EventCountry "GGB"]

1. e4 e5 2. Nf3 Nc6 3. Bc4 Bc5 4. c3 d6 5. d3 Nf6 6. O-O O-O 7. b4 Bb6 8. Nbd2
h6 9. a4 a5 10. b5 Ne7 11. Ba2 c6 12. bxc6 bxc6 13. Nc4 Bc7 14. Re1 Ng6 15. d4
exd4 16. Qxd4 Be6 17. Ba3 c5 18. Qe3 Ng4 19. Qd2 Nh4 20. Nxh4 Qxh4 21. h3 Nf6
22. Nxd6 Bxd6 23. Bxe6 Bf4 24. Qe2 fxe6 25. Bxc5 Rfd8 26. g3 Qg5 27. Be7 Rd2
28. Qf3 Be5 29. h4 Qg4 30. Qe3 Rc2 31. Qd3 Rxc3 0-1

[Event "Tradewise Gibraltar ChallWk1"]
[Site "Gibraltar"]
[Date "2018.01.26"]
[Round "5.18"]
[White "Hamer, Martyn"]
[Black "Smith, Andrew Philip"]
[Result "1/2-1/2"]
[WhiteElo "2020"]
[BlackElo "2111"]
[PlyCount "44"]
[EventDate "2018.01.22"]
[EventType "swiss"]
[EventRounds "5"]
[EventCountry "GGB"]

1. Nf3 c5 2. c4 Nf6 3. Nc3 d5 4. cxd5 Nxd5 5. g3 Nc6 6. Bg2 Nc7 7. O-O e5 8. d3
Be7 9. Be3 O-O 10. Rc1 Be6 11. Nd2 Qd7 12. a4 Rac8 13. Nc4 f6 14. Re1 b6 15.
Qb3 Na5 16. Qa2 Na6 17. b3 Nb4 18. Qb2 Nbc6 19. Nb5 Rfd8 20. Bd2 Nxc4 21. bxc4
Nb4 22. Be3 a5 1/2-1/2

[Event "Tradewise Gibraltar ChallWk1"]
[Site "Gibraltar"]
[Date "2018.01.26"]
[Round "5.19"]
[White "Minnema, Rens"]
[Black "Lung, Liviu-Catalin"]
[Result "0-1"]
[WhiteElo "1837"]
[BlackElo "2085"]
[PlyCount "76"]
[EventDate "2018.01.22"]
[EventType "swiss"]
[EventRounds "5"]
[EventCountry "GGB"]

1. e4 c6 2. d4 g6 3. Nf3 Bg7 4. Bd3 d5 5. e5 Nh6 6. O-O Bf5 7. Nc3 Bxd3 8. Qxd3
Nd7 9. Bf4 e6 10. Ne2 Nf5 11. a4 h6 12. Ng3 Nxg3 13. fxg3 O-O 14. a5 c5 15. c3
c4 16. Qc2 b5 17. b4 cxb3 18. Qxb3 a6 19. Bc1 Qc7 20. Ba3 Rfc8 21. Bb4 Bf8 22.
Bxf8 Nxf8 23. Rfc1 Qc4 24. Qxc4 Rxc4 25. Nd2 Rc7 26. Rab1 Rac8 27. Rb3 Nd7 28.
Kf1 Nb8 29. Ke2 Nc6 30. Kd3 Nxa5 31. Ra3 Nc4 32. Rxa6 Nb2+ 33. Ke2 Rxc3 34.
Rxc3 Rxc3 35. Ra8+ Kg7 36. Rb8 Nc4 37. Nb1 Rb3 38. Nd2 Rb2 0-1

[Event "Tradewise Gibraltar ChallWk1"]
[Site "Gibraltar"]
[Date "2018.01.26"]
[Round "5.20"]
[White "Coleman, David J"]
[Black "Livesey, R Nigel"]
[Result "1-0"]
[WhiteElo "2055"]
[BlackElo "1750"]
[PlyCount "79"]
[EventDate "2018.01.22"]
[EventType "swiss"]
[EventRounds "5"]
[EventCountry "GGB"]

1. e4 c6 2. d4 d5 3. exd5 cxd5 4. c4 Nf6 5. Nc3 e6 6. Nf3 Be7 7. cxd5 Nxd5 8.
Bd3 Nc6 9. O-O Bf6 10. Be4 O-O 11. a3 a6 12. Qc2 g6 13. Rd1 Qd6 14. Qe2 b5 15.
Bc2 Bb7 16. Ne4 Qd7 17. Nxf6+ Nxf6 18. Bh6 Rfd8 19. Bg5 Ne8 20. Bxd8 Rxd8 21.
Be4 Nf6 22. Ne5 Qe8 23. Bxc6 Bxc6 24. Nxc6 Qxc6 25. Rac1 Qd7 26. Qc2 Nd5 27.
Qc6 Qa7 28. Rc5 Kg7 29. g3 Rd7 30. b4 Kg8 31. Qc8+ Kg7 32. Rdc1 Ne7 33. Qe8 Qb7
34. h4 h5 35. Rc8 Nxc8 36. Rxc8 Kf6 37. Qh8+ Ke7 38. Re8+ Kd6 39. Qe5+ Kc6 40.
Qc5# 1-0

[Event "Tradewise Gibraltar ChallWk1"]
[Site "Gibraltar"]
[Date "2018.01.26"]
[Round "5.22"]
[White "Janiszewski, Maciej"]
[Black "Bolt, Graham"]
[Result "1-0"]
[WhiteElo "2029"]
[BlackElo "2094"]
[PlyCount "59"]
[EventDate "2018.01.22"]
[EventType "swiss"]
[EventRounds "5"]
[EventCountry "GGB"]

1. e4 g6 2. d4 Bg7 3. Nc3 d6 4. f4 a6 5. Nf3 b5 6. Bd3 Bb7 7. O-O c5 8. Be3
cxd4 9. Nxd4 Nd7 10. Qe2 Ngf6 11. e5 dxe5 12. fxe5 Nxe5 13. Bxb5+ Nfd7 14.
Bxd7+ Nxd7 15. Rxf7 Bxd4 16. Bxd4 Kxf7 17. Qc4+ e6 18. Rf1+ Ke7 19. Qb4+ Ke8
20. Qxb7 Rf8 21. Re1 Kf7 22. Nd5 Qc8 23. Rf1+ Ke8 24. Nc7+ Kd8 25. Nxe6+ Ke7
26. Bc5+ Kxe6 27. Qb3+ Ke5 28. Re1+ Kf5 29. Qf3+ Kg5 30. Be3+ 1-0

[Event "Tradewise Gibraltar ChallWk1"]
[Site "Gibraltar"]
[Date "2018.01.26"]
[Round "5.23"]
[White "Suez-Panama, Gilles"]
[Black "Sanchez Carrasco, Fco. Javier"]
[Result "0-1"]
[WhiteElo "1959"]
[BlackElo "2068"]
[PlyCount "160"]
[EventDate "2018.01.22"]
[EventType "swiss"]
[EventRounds "5"]
[EventCountry "GGB"]

1. d4 d6 2. Nf3 Nf6 3. c4 Nbd7 4. Bf4 c5 5. e3 g6 6. Nc3 Bg7 7. Be2 O-O 8. O-O
b6 9. h3 Bb7 10. d5 Ne8 11. Qc2 Nc7 12. Rad1 a6 13. e4 b5 14. Rfe1 bxc4 15.
Bxc4 Nb6 16. Bf1 Nb5 17. Ne2 Nd7 18. a4 Nc7 19. Nc3 f6 20. Be3 Ne5 21. Nd2 g5
22. Nc4 Nxc4 23. Bxc4 Bc8 24. e5 fxe5 25. Bxg5 Bf5 26. Ne4 Qd7 27. b3 Kh8 28.
Qe2 Rae8 29. g4 Bg6 30. Rd3 Rf7 31. Rg3 Ref8 32. f3 e6 33. Nc3 e4 34. fxe4 Bd4+
35. Re3 e5 36. Bh6 Rf3 37. Bxf8 Rxe3 38. Qxe3 Bxe3+ 39. Rxe3 h5 40. gxh5 Bxh5
41. Rg3 Qd8 42. Bh6 Kh7 43. Bg5 Qf8 44. Nb1 Bg6 45. Nd2 Qb8 46. h4 Qb4 47. Rh3
Bh5 48. Kf2 Qa3 49. Be7 Qb2 50. Rd3 Ne8 51. Bxa6 Bg6 52. Ke3 Qc1 53. Kf2 Qh1
54. Re3 Bh5 55. Bf1 Qh2+ 56. Bg2 Qf4+ 57. Nf3 Bg4 58. Bg5 Qf7 59. Kg3 Bc8 60.
Nh2 Ng7 61. Bf3 Qc7 62. Ng4 Nh5+ 63. Kf2 Nf4 64. Nf6+ Kh8 65. Ne8 Qd7 66. Bf6+
Kg8 67. Ng7 Qh3 68. Nf5 Qh2+ 69. Kf1 Bxf5 70. exf5 Qd2 71. Re1 Qd3+ 72. Kf2
Qd2+ 73. Kf1 Qd3+ 74. Kf2 Qxb3 75. Rg1+ Kf8 76. Bg7+ Kf7 77. h5 Qc2+ 78. Kg3
Kxg7 79. h6+ Kxh6 80. Rh1+ Kg7 0-1

[Event "Tradewise Gibraltar ChallWk1"]
[Site "Gibraltar"]
[Date "2018.01.26"]
[Round "5.25"]
[White "Sandhya, Goli"]
[Black "Lawson, Dominic Ralph"]
[Result "1/2-1/2"]
[WhiteElo "1934"]
[BlackElo "2037"]
[PlyCount "60"]
[EventDate "2018.01.22"]
[EventType "swiss"]
[EventRounds "5"]
[EventCountry "GGB"]

1. e4 e5 2. Nf3 Nc6 3. Bc4 Nf6 4. d3 h6 5. c3 d6 6. Bb3 g6 7. Na3 Bg7 8. Nc4
O-O 9. Ne3 Kh7 10. h3 Nh5 11. Nd5 Ne7 12. g4 Nxd5 13. Bxd5 Nf4 14. Bxf4 exf4
15. Qd2 c6 16. Bb3 Qf6 17. Rg1 a5 18. a3 a4 19. Bc2 Rh8 20. d4 Ra5 21. h4 Kg8
22. g5 hxg5 23. hxg5 Qe6 24. Kd1 b6 25. Qxf4 Ba6 26. Kd2 Rb5 27. Rab1 Rh3 28.
Bd3 Ra5 29. Bxa6 Rxa6 30. Rh1 Ra8 1/2-1/2

[Event "Tradewise Gibraltar ChallWk1"]
[Site "Gibraltar"]
[Date "2018.01.26"]
[Round "5.26"]
[White "Bryant, Richard B E"]
[Black "Brown, David"]
[Result "0-1"]
[WhiteElo "2016"]
[BlackElo "1953"]
[PlyCount "58"]
[EventDate "2018.01.22"]
[EventType "swiss"]
[EventRounds "5"]
[EventCountry "GGB"]

1. e4 e5 2. Nf3 Nc6 3. c3 Nf6 4. d4 d6 5. d5 Ne7 6. Bd3 g6 7. h3 Bg7 8. g4 h6
9. Be3 Nd7 10. c4 b6 11. Nc3 O-O 12. Rg1 Nc5 13. Be2 a5 14. Qd2 Kh7 15. b3 Bd7
16. Nh2 Ng8 17. O-O-O Bf6 18. g5 Bxg5 19. Bxg5 hxg5 20. Rxg5 Nf6 21. Bf3 Kg7
22. Rg3 Rh8 23. Bg4 Ncxe4 24. Nxe4 Nxe4 25. Qc2 Nxg3 26. fxg3 Qg5+ 27. Qd2
Qxd2+ 28. Rxd2 Bxg4 29. hxg4 Rh3 0-1

[Event "Tradewise Gibraltar ChallWk1"]
[Site "Gibraltar"]
[Date "2018.01.26"]
[Round "5.28"]
[White "Ansari, Athar"]
[Black "Burke, Mitchell R"]
[Result "0-1"]
[WhiteElo "1919"]
[BlackElo "1989"]
[PlyCount "120"]
[EventDate "2018.01.22"]
[EventType "swiss"]
[EventRounds "5"]
[EventCountry "GGB"]

1. e4 g6 2. Bc4 Bg7 3. Nc3 c5 4. Nf3 d6 5. h3 Nf6 6. d4 cxd4 7. Nxd4 O-O 8. Be3
Nc6 9. Qd2 Bd7 10. O-O Rc8 11. Nxc6 Bxc6 12. Bd3 a6 13. Bh6 b5 14. Bxg7 Kxg7
15. Qe3 Qd7 16. e5 dxe5 17. Qxe5 Qc7 18. Rfe1 Qxe5 19. Rxe5 e6 20. a4 Nd7 21.
Re3 Rb8 22. axb5 axb5 23. Be4 Rfc8 24. Bxc6 Rxc6 25. Ra7 Nf6 26. b4 Rc4 27. Ne2
Rxb4 28. Rxe6 Ra4 29. Rxa4 bxa4 30. Ra6 Rb1+ 31. Kh2 Rb2 32. Nd4 Rb4 33. c3 Rc4
34. f3 Nd5 35. Ne2 Ne3 36. Kg3 Nc2 37. Nd4 Nxd4 38. cxd4 Rxd4 39. f4 Rd3+ 40.
Kh4 Rd4 41. Kg4 Rb4 42. Ra7 h5+ 43. Kg5 h4 44. f5 gxf5 45. Kxf5 Kf8 46. Kf6 Ke8
47. Ra8+ Kd7 48. Kxf7 Kc6 49. Kf6 Kc5 50. Kg5 Rc4 51. Rb8 a3 52. Rb3 Ra4 53.
Rxa3 Rxa3 54. Kxh4 Kd6 55. g3 Ke6 56. Kg4 Kf6 57. h4 Kg6 58. Kf4 Ra4+ 59. Kf3
Kh5 60. Kg2 Kg4 0-1

[Event "Tradewise Gibraltar ChallWk1"]
[Site "Gibraltar"]
[Date "2018.01.26"]
[Round "5.29"]
[White "Fathallah, Joe"]
[Black "Kanbier, Max"]
[Result "1-0"]
[WhiteElo "1962"]
[BlackElo "1864"]
[PlyCount "99"]
[EventDate "2018.01.22"]
[EventType "swiss"]
[EventRounds "5"]
[EventCountry "GGB"]

1. d4 Nf6 2. c4 e5 3. dxe5 Ng4 4. Nf3 Nc6 5. Bf4 Bc5 6. e3 Qe7 7. Be2 Ngxe5 8.
Nxe5 Nxe5 9. O-O d6 10. Nd2 Ng6 11. Bg3 O-O 12. Nb3 Bb6 13. Nd4 f5 14. Re1 Ne5
15. Qb3 Kh8 16. Rad1 a6 17. Qc3 Nd7 18. f3 Nf6 19. Bf2 Bd7 20. Bd3 g6 21. b4 c6
22. Nb3 Bc7 23. e4 fxe4 24. Rxe4 Qf7 25. Bd4 d5 26. Bxf6+ Qxf6 27. Qxf6+ Rxf6
28. Re7 Rd8 29. Nc5 Bb6 30. Kf1 Bxc5 31. bxc5 Re6 32. Re1 Rxe1+ 33. Kxe1 Re8
34. Rxe8+ Bxe8 35. cxd5 cxd5 36. f4 Kg7 37. Kd2 Bf7 38. a3 Kf6 39. Kc3 Ke6 40.
Kd4 Kd7 41. g4 Kc6 42. f5 Be8 43. f6 Bf7 44. g5 Bg8 45. Be2 Bf7 46. Bg4 b6 47.
cxb6 Kxb6 48. Ke5 d4 49. Kd6 d3 50. Ke7 1-0

[Event "Tradewise Gibraltar ChallWk1"]
[Site "Gibraltar"]
[Date "2018.01.26"]
[Round "5.30"]
[White "De Vega Fernandez, Francisco J"]
[Black "O'Neil, Jim"]
[Result "1/2-1/2"]
[WhiteElo "1784"]
[BlackElo "1904"]
[PlyCount "64"]
[EventDate "2018.01.22"]
[EventType "swiss"]
[EventRounds "5"]
[EventCountry "GGB"]

1. e4 c5 2. Nc3 Nc6 3. Bb5 e6 4. Bxc6 bxc6 5. f4 d5 6. d3 Ba6 7. e5 Rb8 8. Nf3
Ne7 9. O-O Nf5 10. b3 Be7 11. Na4 O-O 12. c4 Qc7 13. Qe1 Nd4 14. Qf2 Nxf3+ 15.
Qxf3 f6 16. Qe2 fxe5 17. fxe5 Rxf1+ 18. Kxf1 Rf8+ 19. Kg1 Rf5 20. Bb2 d4 21.
Re1 Qa5 22. Bc1 Bc8 23. g4 Rf8 24. Rf1 Rxf1+ 25. Kxf1 Bd7 26. Ba3 Qd8 27. Qf3
Qa5 28. Ke2 Bh4 29. Qf1 Bg5 30. Qe1 Qc7 31. Qg3 Qa5 32. Qe1 Qc7 1/2-1/2

[Event "Tradewise Gibraltar ChallWk2"]
[Site "Gibraltar"]
[Date "2018.01.27"]
[Round "1.1"]
[White "Saber, Yasser"]
[Black "Mulligan, Stephen"]
[Result "1-0"]
[WhiteElo "2244"]
[BlackElo "2051"]
[PlyCount "79"]
[EventDate "2018.01.27"]
[EventType "swiss"]
[EventRounds "5"]
[EventCountry "GGB"]

1. d4 Nf6 2. Nf3 d5 3. c4 e6 4. Nc3 Be7 5. Bf4 O-O 6. e3 c5 7. dxc5 Bxc5 8. Qc2
Nc6 9. a3 Bd6 10. Bg5 dxc4 11. O-O-O Qe7 12. Bxc4 Rd8 13. Ne4 Bc7 14. Rxd8+
Qxd8 15. Rd1 Qe7 16. Bd3 Kh8 17. Bb5 Rb8 18. Kb1 e5 19. Nh4 Be6 20. Bc4 Rd8 21.
Bxe6 Qxe6 22. Bxf6 gxf6 23. Ng3 Bd6 24. Nhf5 Bf8 25. Rc1 Ne7 26. Nxe7 Bxe7 27.
Nf5 Bf8 28. e4 Qd7 29. f3 a6 30. Qf2 b5 31. Qb6 b4 32. Qxf6+ Kg8 33. axb4 Rb8
34. Qxa6 Rxb4 35. Qc6 Qd3+ 36. Qc2 Qb5 37. Qc6 Rxb2+ 38. Ka1 Qb3 39. Qa6 Rd2
40. Ne7+ 1-0

[Event "Tradewise Gibraltar ChallWk2"]
[Site "Gibraltar"]
[Date "2018.01.27"]
[Round "1.2"]
[White "Diaz Mino, Pablo"]
[Black "Plotkin, Victor"]
[Result "0-1"]
[WhiteElo "2050"]
[BlackElo "2242"]
[PlyCount "95"]
[EventDate "2018.01.27"]
[EventType "swiss"]
[EventRounds "5"]
[EventCountry "GGB"]

1. d4 Nf6 2. c4 e6 3. Nc3 Bb4 4. e3 d5 5. a3 Be7 6. cxd5 exd5 7. Bd3 O-O 8.
Nge2 b6 9. b4 c5 10. bxc5 bxc5 11. dxc5 Bxc5 12. O-O Nc6 13. Nb5 Ne5 14. a4
Nxd3 15. Qxd3 Be6 16. Ba3 Bxa3 17. Qxa3 Qd7 18. Rac1 Rfc8 19. Rfd1 h6 20. Nf4
Rxc1 21. Rxc1 Rc8 22. Rxc8+ Qxc8 23. Nd4 Bd7 24. Nd3 Ne4 25. Qb4 Qc4 26. Qxc4
dxc4 27. Ne5 Bxa4 28. Nxc4 Kf8 29. f3 Nc5 30. Na5 Ne6 31. Kf2 Nxd4 32. exd4 Ke7
33. Ke3 Kd6 34. Kd2 Kd5 35. Kc3 Bb5 36. Nb3 g5 37. g3 Be2 38. Nd2 a5 39. h4
gxh4 40. gxh4 a4 41. h5 f5 42. f4 Bxh5 43. Nc4 Be8 44. Nb6+ Ke4 45. d5 Kxf4 46.
d6 h5 47. Kd4 a3 48. Nd5+ 0-1

[Event "Tradewise Gibraltar ChallWk2"]
[Site "Gibraltar"]
[Date "2018.01.27"]
[Round "1.3"]
[White "Maisuradze, Nino"]
[Black "Kozarcanin, Sead"]
[Result "0-1"]
[WhiteElo "2234"]
[BlackElo "2048"]
[PlyCount "68"]
[EventDate "2018.01.27"]
[EventType "swiss"]
[EventRounds "5"]
[EventCountry "GGB"]

1. f4 d5 2. b3 Nf6 3. Bb2 Bf5 4. Nf3 h6 5. e3 e6 6. d3 Nbd7 7. Nbd2 Bc5 8. Qe2
Qe7 9. a3 a5 10. h3 h5 11. g3 O-O-O 12. Bg2 Kb8 13. c4 Ba7 14. d4 c5 15. b4
cxd4 16. Bxd4 Ne4 17. Nxe4 Bxd4 18. Nxd4 Bxe4 19. Bxe4 dxe4 20. c5 e5 21. Nb3
a4 22. Na5 Nxc5 23. bxc5 Qxc5 24. Nc4 exf4 25. exf4 Rd4 26. Ne3 Qc3+ 27. Kf2
Rd2 28. Rhd1 Rxe2+ 29. Kxe2 h4 30. g4 Rc8 31. Ra2 Qb3 32. Rad2 Rc3 33. Nf1 Rxh3
34. Ke1 Rh1 0-1

[Event "Tradewise Gibraltar ChallWk2"]
[Site "Gibraltar"]
[Date "2018.01.27"]
[Round "1.4"]
[White "Maric, Boris"]
[Black "Kvisla, Johannes Luangtep"]
[Result "1/2-1/2"]
[WhiteElo "2034"]
[BlackElo "2234"]
[PlyCount "145"]
[EventDate "2018.01.27"]
[EventType "swiss"]
[EventRounds "5"]
[EventCountry "GGB"]

1. c4 e6 2. g3 d5 3. Nf3 Nf6 4. Bg2 Nbd7 5. O-O dxc4 6. Na3 Nb6 7. Nxc4 Nxc4 8.
Qa4+ Bd7 9. Qxc4 Bc6 10. d3 Be7 11. Bd2 O-O 12. b4 Ne8 13. a4 Bf6 14. Rab1 Nd6
15. Qc2 a6 16. e4 Be7 17. Ne5 Be8 18. Rfc1 c6 19. Be3 f6 20. Nf3 Bf7 21. d4 Qe8
22. Nd2 Nc8 23. Nc4 Bd8 24. Qc3 b5 25. Nb2 Ne7 26. a5 f5 27. f3 Bc7 28. Nd3 h6
29. Rd1 Kh7 30. Bf4 Bxf4 31. Nxf4 Qb8 32. Nd3 Ng6 33. Qxc6 Rc8 34. Qb6 Qxb6 35.
axb6 Rab8 36. Rbc1 Rc4 37. Rxc4 bxc4 38. Nb2 Rxb6 39. Nxc4 Rxb4 40. Nd6 Bg8 41.
exf5 exf5 42. Nxf5 Bb3 43. Ra1 Ra4 44. Rxa4 Bxa4 45. Bf1 a5 46. Nd6 Bc2 47. Nc4
a4 48. Kf2 Ne7 49. Ke2 Bg6 50. Kd2 Be8 51. Bd3+ g6 52. Be4 Bf7 53. Kc3 Kg7 54.
Kb4 Kf6 55. Ne5 Be8 56. Bb7 Nf5 57. Bc6 Nxd4 58. Ng4+ Ke7 59. Bxe8 Kxe8 60. Ne5
g5 61. Kxa4 Ke7 62. Kb4 Ke6 63. f4 gxf4 64. gxf4 Kf5 65. Kc4 Ne2 66. Nd3 h5 67.
Kd5 h4 68. h3 Ng1 69. Kd4 Nxh3 70. Ke3 Kg4 71. Ne5+ Kg3 72. Ng6 Nxf4 73. Nxh4
1/2-1/2

[Event "Tradewise Gibraltar ChallWk2"]
[Site "Gibraltar"]
[Date "2018.01.27"]
[Round "1.5"]
[White "Galvan, Jesus"]
[Black "Ungureanu, Sandu"]
[Result "1/2-1/2"]
[WhiteElo "2223"]
[BlackElo "2033"]
[PlyCount "62"]
[EventDate "2018.01.27"]
[EventType "swiss"]
[EventRounds "5"]
[EventCountry "GGB"]

1. d4 d5 2. c4 c6 3. e3 Bf5 4. Nc3 e6 5. Nf3 Bg4 6. Qb3 Qb6 7. Ne5 Qxb3 8. axb3
Nf6 9. c5 Nbd7 10. Nxg4 Nxg4 11. b4 b5 12. Nxb5 cxb5 13. Bxb5 Rb8 14. Bc6 Rxb4
15. Rxa7 Ngf6 16. Ra8+ Ke7 17. Bd2 Rxb2 18. Ba5 Rb8 19. O-O Rxa8 20. Bxa8 e5
21. c6 Ke6 22. c7 Bd6 23. Bb7 Bxc7 24. Bxc7 Ne8 25. Bxe5 Nxe5 26. dxe5 Kxe5 27.
Rd1 Nf6 28. h3 Rb8 29. Bc6 Rb6 30. Ba8 Ra6 31. Bb7 Rb6 1/2-1/2

[Event "Tradewise Gibraltar ChallWk2"]
[Site "Gibraltar"]
[Date "2018.01.27"]
[Round "1.6"]
[White "Weeramantry, Sunil"]
[Black "Jordan Martinez, Miguel"]
[Result "0-1"]
[WhiteElo "2029"]
[BlackElo "2201"]
[PlyCount "82"]
[EventDate "2018.01.27"]
[EventType "swiss"]
[EventRounds "5"]
[EventCountry "GGB"]

1. e4 e6 2. d4 d5 3. Nc3 Nf6 4. Bg5 dxe4 5. Nxe4 Be7 6. Bxf6 gxf6 7. Nf3 a6 8.
Qd2 f5 9. Nc3 b5 10. g3 Bb7 11. Bg2 c5 12. O-O cxd4 13. Ne2 d3 14. cxd3 Nd7 15.
Rac1 Bf6 16. Nf4 h5 17. h4 Nb6 18. Qe2 Qd6 19. d4 Nd5 20. Nxd5 Bxd5 21. Ne5
Bxg2 22. Kxg2 Qxd4 23. Nf3 Qxb2 24. Rc2 Qb4 25. Re1 Rd8 26. Rc6 Rd6 27. Rxd6
Qxd6 28. Rd1 Qc6 29. Kg1 Rg8 30. Ne5 Qe4 31. Qxh5 Bxe5 32. Rd7 Rf8 33. Qd1 Bf6
34. Rc7 Qd5 35. Rc8+ Ke7 36. Rc7+ Kd6 37. Qc1 Bd4 38. Rc2 Rg8 39. Qa3+ Kd7 40.
Rd2 e5 41. Kf1 Rc8 0-1

[Event "Tradewise Gibraltar ChallWk2"]
[Site "Gibraltar"]
[Date "2018.01.27"]
[Round "1.7"]
[White "Longa Yauca, Javier"]
[Black "Janiszewski, Maciej"]
[Result "0-1"]
[WhiteElo "2198"]
[BlackElo "2029"]
[PlyCount "92"]
[EventDate "2018.01.27"]
[EventType "swiss"]
[EventRounds "5"]
[EventCountry "GGB"]

1. d4 d5 2. Nf3 Nc6 3. c4 Bg4 4. Nc3 e6 5. e3 Nf6 6. Qb3 Bxf3 7. gxf3 Qd7 8.
cxd5 exd5 9. h4 Na5 10. Qc2 c5 11. Nb5 a6 12. Qa4 Nc6 13. Bd2 Qd8 14. Na3 cxd4
15. Rc1 Bxa3 16. Qxa3 dxe3 17. fxe3 Qe7 18. Qxe7+ Kxe7 19. Kf2 Nd7 20. Bc3 f6
21. Rd1 Nb6 22. h5 Rad8 23. Bd3 Na4 24. Rc1 Nxc3 25. Rxc3 Ne5 26. Rd1 g6 27. f4
Ng4+ 28. Kf3 Nxe3 29. Rh1 Nc4 30. b3 Nd2+ 31. Ke2 Ne4 32. Bxe4 dxe4 33. Rc7+
Ke6 34. Rxb7 Kf5 35. Rb6 Rd3 36. Rc1 Rf8 37. hxg6 hxg6 38. Rcc6 Rf3 39. Rxa6
Rxf4 40. Ra5+ Kg4 41. Rc1 Rf3 42. b4 g5 43. Rg1+ Kf4 44. Rc5 Rh8 45. Rg2 Rh1
46. Rc2 Rb1 0-1

[Event "Tradewise Gibraltar ChallWk2"]
[Site "Gibraltar"]
[Date "2018.01.27"]
[Round "1.8"]
[White "Hamer, Martyn"]
[Black "Van Zyl-Rudd, Jack"]
[Result "1/2-1/2"]
[WhiteElo "2020"]
[BlackElo "2197"]
[PlyCount "33"]
[EventDate "2018.01.27"]
[EventType "swiss"]
[EventRounds "5"]
[EventCountry "GGB"]

1. Nf3 Nf6 2. c4 e6 3. g3 d5 4. d4 Be7 5. Bg2 O-O 6. O-O dxc4 7. Ne5 c5 8. dxc5
Qc7 9. Nxc4 Qxc5 10. b3 Rd8 11. Qc2 Nc6 12. Ba3 Nb4 13. Qc1 Rb8 14. Bb2 Nc6 15.
Ba3 Nb4 16. Bb2 Nc6 17. Ba3 1/2-1/2